<?xml version="1.0" encoding="UTF-8"?>
<record
    xmlns:xsi="http://www.w3.org/2001/XMLSchema-instance"
    xsi:schemaLocation="http://www.loc.gov/MARC21/slim http://www.loc.gov/standards/marcxml/schema/MARC21slim.xsd"
    xmlns="http://www.loc.gov/MARC21/slim">

  <leader>01732nam a2200313 i 4500</leader>
  <controlfield tag="003">DO-SdBNP</controlfield>
  <controlfield tag="005">20240507132840.0</controlfield>
  <controlfield tag="006">a||||dr|||| 00| 0 </controlfield>
  <controlfield tag="007">ta</controlfield>
  <controlfield tag="008">240506e1997    dr ab||| |||| 00| 0 spa d</controlfield>
  <datafield tag="040" ind1=" " ind2=" ">
    <subfield code="a">DO-SdBNP</subfield>
    <subfield code="b">spa</subfield>
    <subfield code="c">BNPHU</subfield>
    <subfield code="e">rda</subfield>
  </datafield>
  <datafield tag="082" ind1=" " ind2="4">
    <subfield code="2">22</subfield>
    <subfield code="b">M647m</subfield>
  </datafield>
  <datafield tag="100" ind1=" " ind2=" ">
    <subfield code="4">Miller, Haydee</subfield>
    <subfield code="e">autora</subfield>
  </datafield>
  <datafield tag="245" ind1="1" ind2="0">
    <subfield code="a">Matem&#xE1;tica 6&#xBA;. :</subfield>
    <subfield code="b">sexto grado /</subfield>
    <subfield code="c">Haydee Miller, Vidalina Gonz&#xE1;lez, Rita Abbot, Ligia Cohen, Kremly P&#xE9;rez.</subfield>
  </datafield>
  <datafield tag="264" ind1=" " ind2=" ">
    <subfield code="a">Santo Domingo :</subfield>
    <subfield code="b">De Colores,</subfield>
    <subfield code="c">1997</subfield>
  </datafield>
  <datafield tag="300" ind1=" " ind2=" ">
    <subfield code="a">210 p&#xE1;ginas :</subfield>
    <subfield code="b">ilustraciones, mapas ;</subfield>
    <subfield code="c">27 cm.</subfield>
  </datafield>
  <datafield tag="336" ind1=" " ind2=" ">
    <subfield code="2">rdacontent</subfield>
    <subfield code="a">texto</subfield>
    <subfield code="b">txt</subfield>
  </datafield>
  <datafield tag="337" ind1=" " ind2=" ">
    <subfield code="2">rdamedia</subfield>
    <subfield code="a">sin  mediaci&#xF3;n</subfield>
    <subfield code="b">n</subfield>
  </datafield>
  <datafield tag="338" ind1=" " ind2=" ">
    <subfield code="2">rdacarrier</subfield>
    <subfield code="a">volumen</subfield>
    <subfield code="b">nc</subfield>
  </datafield>
  <datafield tag="500" ind1=" " ind2=" ">
    <subfield code="a">Libro oficial de matem&#xE1;tica para el 6&#xBA;. grado de la educaci&#xF3;n b&#xE1;sica, aprobado por la Secretar&#xED;a de Estado de Educaci&#xF3;n y Cultura- SEEC- mediante Resoluci&#xF3;n No. 945-97 de fecha 15 de agosto de 1997.</subfield>
  </datafield>
  <datafield tag="505" ind1=" " ind2=" ">
    <subfield code="a">Unidad 1. Cap&#xED;tulo 1.</subfield>
    <subfield code="t">Los n&#xFA;meros naturales, operaciones y estimaciones.--</subfield>
    <subfield code="g">Unidad 2. Cap&#xED;tulo 1.</subfield>
    <subfield code="t">Secuencias y divisibilidad.--</subfield>
    <subfield code="g">Unidad 3. Cap&#xED;tulo 1.</subfield>
    <subfield code="t">Cosntrucciones geom&#xE9;tricas.--</subfield>
    <subfield code="g">Unidad 4. Cap&#xED;tulo 1.</subfield>
    <subfield code="t">Fracciones comunes y decimales.--</subfield>
    <subfield code="g">Unidad 5. Cap&#xED;tulo 1.</subfield>
    <subfield code="t">Razones, proporciones, porcentajes, semejanza.--</subfield>
    <subfield code="g">Unidad 6. Cap&#xED;tulo 1.</subfield>
    <subfield code="t">An&#xE1;lisis de datos.--</subfield>
    <subfield code="g">Unidad 7. Cap&#xED;tulo 1.</subfield>
    <subfield code="t">Medidas de longitud y de superficie.--</subfield>
    <subfield code="g">Unidad 8. Cap&#xED;tulo 1.</subfield>
    <subfield code="t">Los poliedros y sus vol&#xFA;menes.</subfield>
  </datafield>
  <datafield tag="590" ind1=" " ind2=" ">
    <subfield code="a">Inventariado 2024 / MF</subfield>
  </datafield>
  <datafield tag="650" ind1=" " ind2="4">
    <subfield code="a">Matem&#xE1;ticas</subfield>
    <subfield code="x">Ense&#xF1;anza</subfield>
    <subfield code="x">Libros de Texto</subfield>
    <subfield code="9">43578</subfield>
  </datafield>
  <datafield tag="700" ind1="1" ind2=" ">
    <subfield code="a">Gonz&#xE1;lez, Vidalina,</subfield>
    <subfield code="e">autora</subfield>
    <subfield code="9">85387</subfield>
  </datafield>
  <datafield tag="700" ind1="1" ind2=" ">
    <subfield code="a">Abbot, Rita,</subfield>
    <subfield code="9">29760</subfield>
    <subfield code="e">autora</subfield>
  </datafield>
  <datafield tag="700" ind1="1" ind2=" ">
    <subfield code="a">Cohen, Ligia,</subfield>
    <subfield code="e">autora</subfield>
    <subfield code="9">85388</subfield>
  </datafield>
  <datafield tag="700" ind1=" " ind2=" ">
    <subfield code="a">P&#xE9;rez Lluberes, Kremly M.,</subfield>
    <subfield code="9">37302</subfield>
    <subfield code="e">autor</subfield>
  </datafield>
  <datafield tag="942" ind1=" " ind2=" ">
    <subfield code="2">ddc</subfield>
    <subfield code="c">LBS1</subfield>
  </datafield>
  <datafield tag="952" ind1=" " ind2=" ">
    <subfield code="0">0</subfield>
    <subfield code="1">0</subfield>
    <subfield code="2">ddc</subfield>
    <subfield code="5">1</subfield>
    <subfield code="7">0</subfield>
    <subfield code="8">PD</subfield>
    <subfield code="a">BNPHU</subfield>
    <subfield code="b">BNPHU</subfield>
    <subfield code="c">CT</subfield>
    <subfield code="d">2021-12-16</subfield>
    <subfield code="e">Dondo por Colegio Nuestra Se&#xF1;ora de Lourdes</subfield>
    <subfield code="l">0</subfield>
    <subfield code="o">M647m</subfield>
    <subfield code="p">2024-2805</subfield>
    <subfield code="r">2024-05-06</subfield>
    <subfield code="w">2024-05-06</subfield>
    <subfield code="y">LBS1</subfield>
  </datafield>
  <datafield tag="999" ind1=" " ind2=" ">
    <subfield code="c">56613</subfield>
    <subfield code="d">56613</subfield>
  </datafield>
</record>
